|
|
|
|
| LEADER |
00000nas1a2200000 4500 |
| 001 |
380079 |
| 005 |
20231101062639.0 |
| 011 |
|
|
|a 0869-5652
|
| 035 |
|
|
|a (RuTPU)RU\TPU\prd\680
|
| 035 |
|
|
|a BOOK00000681
|
| 090 |
|
|
|a 380079
|
| 100 |
|
|
|a 20011210b19231933k y0rusy50 ca
|
| 101 |
0 |
|
|a rus
|
| 102 |
|
|
|a RU
|
| 110 |
|
|
|a afaz|||0uu0
|
| 200 |
1 |
|
|a Доклады Академии Наук СССР. Сер. А
|e журнал
|f Академия наук СССР (АН СССР)
|
| 210 |
|
|
|a Л.
|c Изд-во АН СССР
|d 1923-1933
|
| 330 |
|
|
|a «Доклады Академии Наук» начали выходить в 1922 г. С самого начала предполагалось их деление на серию «А»—математические и естественные науки и серию «Б»—общественные науки. Серия «Б» начала издаваться в 1924 г. и закончилась № 5, вышедшим в 1931 г. Серия «А» выходила с 1922 г. до сентября 1933г. (всего 158 выпусков), а с октября 1933 г. начата «новая серия», причем в октябре—декабре 1933 г. вышло 6 номеров, составляющих I том «новой серии». С 1934 г. «Доклады» выходят один раз в декаду и каждые три месяца (квартал) объединяются отдельным томом. С июля 1935 г., с тома III, который являлся VIII томом «новой серии», «Доклады» стали выпускаться раздельно в русском и иностранном изданиях, в то время как в 1933—1934 г. наряду с русским текстом статей помещались их перевод или резюме на одном из трех иностранных языков (английском, немецком или французском). Начиная с того же III (VIII) тома на титульном листе издания стал указываться в скобках основной номер тома, наряду с порядковым (годовым). В целях упрощения библиографических справок по «Докладам» Редакционная Коллегия признала необходимым в 1937 г. восстановить на обложке основной порядковый номер тома. Таким образом 1937 г. начинается томом XIV.
|
| 440 |
|
1 |
|0 (RuTPU)RU\TPU\prd\750
|x 0869-5652
|t Доклады Академии Наук СССР. Новая серия
|o журнал
|f Академия наук СССР (АН СССР)
|c М.
|n Изд-во Академии наук СССР
|d 1933-1992
|
| 440 |
|
1 |
|0 (RuTPU)RU\TPU\prd\1768
|x 0869-5652
|t Доклады Академии наук
|o журнал
|f Российская академия наук (РАН)
|c М.
|n Наука
|d 1992-
|
| 610 |
1 |
|
|a химия
|
| 610 |
1 |
|
|a физика
|
| 610 |
1 |
|
|a геология
|
| 610 |
1 |
|
|a биология
|
| 610 |
1 |
|
|a химическая технология
|
| 610 |
1 |
|
|a математика
|
| 610 |
1 |
|
|a биофизика
|
| 610 |
1 |
|
|a биохимия
|
| 712 |
0 |
2 |
|a Академия наук СССР (АН СССР)
|2 stltpush
|3 (RuTPU)RU\TPU\col\722
|
| 801 |
|
0 |
|a RU
|b 63413507
|c 20011210
|g PSBO
|
| 801 |
|
2 |
|a RU
|b 63413507
|c 20170530
|g PSBO
|
| 942 |
|
|
|c CR
|